Who joined Interpol on 4th November 1992 - Statistics

General Stats
  • This quiz has been taken 4 times
  • The average score is 13 of 20
Answer Stats
Country % Correct
Russia
100%
Armenia
67%
Azerbaijan
67%
Bosnia and Herzegovina
67%
Croatia
67%
Estonia
67%
Georgia
67%
Kazakhstan
67%
Kyrgyzstan
67%
Latvia
67%
Lithuania
67%
North Macedonia
67%
Slovenia
67%
Tajikistan
67%
Turkmenistan
67%
Ukraine
67%
Uzbekistan
67%
Moldova
33%
Moldova
33%
Vatican City
33%
No matching quizzes found
Score Distribution
Percent of People with Each Score
Percentile by Number Answered
Your Score History
You have not taken this quiz